00000000nam 2200000za 4500
0019.844201
003CaOODSP
00520221107152707
007cr |||||||||||
008180130s2004    onc     o    f000 0 eng  
020 |a978-0-660-09863-0
040 |aCaOODSP|beng
043 |an-cn---
0861 |aBT39-17/2004E-PDF
1101 |aCanada. |bTreasury Board.
24510|aOperational security standard - Business Continuity Planning (BCP) Program |h[electronic resource].
260 |aOttawa : |bTreasury Board of Canada, Secretariat, |cc2004.
300 |a[5] p. (un-numbered pages)
500 |aIssued also in French under title: Norme de sécurité opérationnelle - Programme de planification de la continuité des activités (PCA).
500 |a"Published: Mar 23, 2004."
500 |aAlso available in HTML format.
5200 |a"The continued delivery of government services must be assured through baseline security requirements, business continuity planning, including information management and information technology continuity planning, and continuous risk management. The Policy on Government Security and its associated standards describe these baseline security requirements"--Provided by publisher.
69207|2gccst|aGovernment policy
69207|2gccst|aSecurity
77508|tNorme de sécurité opérationnelle - Programme de planification de la continuité des activités (PCA) |w(CaOODSP)9.844205
85640|qPDF|s143 KB|uhttps://publications.gc.ca/collections/collection_2018/sct-tbs/BT39-17-2004-eng.pdf
8564 |qHTML|sN/A|uhttps://www.tbs-sct.gc.ca/pol/doc-eng.aspx?id=12324